000
00273nam a2200097 4500
008
240223b |||||||| |||| 00| 0 eng d
022
_a
13190906
245
_a
Voice of women-Vol. 5 Issue 2 (September 1998)
246
_a
A Sri Lankan journal for women's liberation
942
_c
CR
999
_c
4810
_d
4810